Great Britain Gold Medals at the 1980 Summer Olympics - Statistics

General Stats
  • This quiz has been taken 18 times
  • The average score is 4 of 5
Answer Stats
Event Winner(s) % Correct
Athletics Sebastian Coe (Mens 1500 Metres)
100%
Athletics Steve Ovett (Mens 800 Metres)
89%
Athletics Daley Thompson (Mens Decathlon)
83%
Swimming Duncan Goodhew (Mens 100m Breaststroke)
83%
Athletics Allan Wells (Mens 100 Metres)
78%
No matching quizzes found
Score Distribution
Percent of People with Each Score
Percentile by Number Answered
Your Score History
You have not taken this quiz